| 000 | 01147nam a22002537a 4500 | ||
|---|---|---|---|
| 005 | 20240530110357.0 | ||
| 008 | 150111s2008 ua f 000 0 ara d | ||
| 017 |
_a2008/20876 _bمصر . دار الكتب المصرية |
||
| 020 | _a9775130506 | ||
| 040 | _aEG-CaGPL | ||
| 041 | 0 | _aara | |
| 082 | 0 | 4 |
_221 _a305.5 _bق/ر ت |
| 100 | 1 | _aريتشارد ، جانتيت | |
| 245 | 1 | 2 |
_aالتحولات الاجتماعية و السياسية فى اللملكة المتوسطة : _b2040 - 1650 ق . م / _cتاليف جانيت ريتشارد ؛ ترجمة رفعت السيد على |
| 250 | _aط1 | ||
| 260 |
_aالقاهرة : _bسنابل ، _c2008 |
||
| 300 |
_a270 ص ؛ _c19 سم |
||
| 650 | 0 | 4 |
_aمصر القديمة _xتاريخ _yعصر المملكة المتوسطة _xالاحوال الاجتماعية |
| 650 | 0 | 4 |
_aمصر القديمة _xتاريخ _yعصر المملكة المتوسطة _xالاحوال السياسية |
| 650 | 0 | 4 |
_aالطبقات الاجتماعية _zمصر القديمة |
| 700 | 0 |
_aرفعت السيد على _eمترجم |
|
| 942 |
_2ddc _cBK |
||
| 999 |
_c60182 _d60182 |
||